日野市の町名 【漢字版】 - Statistics

General Stats
  • This quiz has been taken 30 times
  • The average score is 16 of 28
Answers on the Map
Answers color-coded by a green-red scale on the quiz's map according to % correct below.
 
Answer Stats
町名 % Correct
日野 (ひの)
94%
高幡 (たかはた)
89%
南平 (みなみだいら)
89%
豊田 (とよだ)
89%
百草 (もぐさ)
83%
平山 (ひらやま)
83%
万願寺 (まんがんじ)
67%
三沢 (みさわ)
67%
程久保 (ほどくぼ)
61%
日野本町 (ひのほんまち)
56%
石田 (いしだ)
56%
落川 (おちかわ)
56%
東豊田 (ひがしとよだ)
56%
川辺堀之内 (かわべほりのうち)
50%
東平山 (ひがしひらやま)
50%
西平山 (にしひらやま)
50%
旭が丘 (あさひがおか)
50%
上田 (かみだ)
44%
新井 (あらい)
44%
大坂上 (おおさかうえ)
44%
多摩平 (たまだいら)
44%
日野台 (ひのだい)
39%
宮 (みや)
39%
神明 (しんめい)
39%
富士町 (ふじまち)
39%
栄町 (さかえまち)
33%
さくら町 (さくらまち)
33%
新町 (しんまち)
28%
No matching quizzes found
Score Distribution
Percent of People with Each Score
Percentile by Number Answered
Your Score History
You have not taken this quiz